000 003670000a22000970004500
100 1 _aBayo, Carlos Enrique
245 1 0 _aLa muerte tiene nombre de mujer : El caso del ex-futbolista Simpson destapó una realidad norteamericana --La violencia doméstica contra las mujeres
300 _aVol. 58, Num. 58 (Julio, 1994), Páginas 42-43
773 0 _tCambio 16
942 _cANA
999 _c58561
_d58561